=LDR 00000nam 2200000 4500 =001 INLIS000000000033344 =990 ##$$a 21004557 =005 20140528094246.0 =990 ##$$a 0001/BPAP-NTB/20142015 =006 =007 =008 ind =035 ##$$0010-061300000033344 =041 ##$$a ind =082 ##$$a 379.15 =090 ##$$a 379.15, Sah,k =100 ##$$a Sahertian, Diet A =245 ##$$a Konsep Dasar dan Teknik Supervisi Pendidikan, Dalam Rangka Pengembangan Sumber Daya Manusia =260 ##$$a Rineka Cipta2008 $b Jakarta =300 ##$$a vii,180 hlm., 21 cm =650 ##$$a Pendidikan - Pengawasan =850 ##$$a NBPNMAT =990 ##$$a 21196498/BPAP-NTB/2014 =990 ##$$a 0001/BPAP-NTB/20142015